Las hogueras más altas: cuentos

Đã lưu trong:
Chi tiết về thư mục
Tác giả chính: González León, Adriano (Tác giả)
Định dạng: Sách
Ngôn ngữ:Tiếng Tây Ban Nha
Được phát hành: Buenos Aires Editorial Goyanarte 1959
Phiên bản:2a. ed
Những chủ đề:
Các nhãn: Thêm thẻ
Không có thẻ, Là người đầu tiên thẻ bản ghi này!

MARC

LEADER 00000cam a2200000 a 4500
001 UCE3084
003 CL-VaPUC
008 140814e19590000ag |||||||||||||||||spa|d
082 0 4 |a Ve863.01  |b GON  |2 21 
100 |a González León, Adriano  |e author  |9 575594 
245 1 4 |a Las hogueras más altas: cuentos 
250 |a 2a. ed 
300 |a 116 p 
942 |c BK 
945 |d 20140814 14:58:00  |a arojas 
260 |a Buenos Aires  |b Editorial Goyanarte  |c 1959 
650 0 |a Cuentos venezolanos  |9 267610 
650 0 |a Literatura venezolana   |9 348916 
583 |a last modification  |c 20140814 14:58:00  |k Rodrigo Vera 
999 |c 356533  |d 356531 
952 |0 0  |1 0  |3 erb  |4 0  |6 VE_863_010000000000000_GON_1959  |7 0  |8 A  |9 463980  |a BIBEDU  |b BIBEDU  |i 5007054  |o Ve863.01 GON 1959  |p 5007054  |r 2019-11-23  |w 2019-11-23  |y BK  |z Catalogado en:20140814  |k LIT